000 00449nam a22001577a 4500
005 20251108171957.0
008 250721s1987 xx 000 0 ara d
082 1 4 _a616.9/محم
100 1 _aرفعت، محمد
245 1 0 _aقاموس الإيدز الطبي :
_bمرض العصر /
264 1 _aبيروت :
_bدار و مكتبة الهلال،
_c1987.
300 _a160ص
650 1 7 _aالإيدز
942 _2ddc
_cBK
999 _c67405
_d67405